Score 0/22 Timer 02:00
0 Plays Today
Clue 4-Letter Word % Correct
Polar, grizzly, e.g.BEAR
99%
The most basic part of any song; rhythmBEAT
94.9%
Beef, pork, or muttonMEAT
94.8%
Castle trenchMOAT
94.4%
Unwanted item on bread?MOLD
93.2%
A pyriform green or brown fruitPEAR
89.5%
Shed one's skinMOLT
86%
'Fantastic' numberFOUR
85%
Clothing from a sheepWOOL
81.3%
Moderately cold; lacking in warmthCOOL
80.2%
An attitude or emotionMOOD
75.7%
Clue 4-Letter Word % Correct
Product from a treeWOOD
75.5%
Sad color?BLUE
70.6%
Acidic tasteSOUR
69.6%
Possible strike in baseballFOUL
67%
AdhesiveGLUE
66.7%
A bird of any kindFOWL
60.1%
Monk's cloakCOWL
55.6%
Surly or depressedGLUM
49.6%
'Song 2' bandBLUR
48.5%
An oval fruit also used commonly as a colorPLUM
47.1%
Speak indistinctlySLUR
43.1%

Today's Daily Dose

Missing Word
'T' Pairs

Word Ladder
Game Pieces

Get the Picture
Baseball Movies

Remove Ads.
Support Sporcle.
Get the best of Sporcle when you Go Orange. This ad-free experience offers more features, more stats, and more fun while also helping to support Sporcle. Thank you for becoming a member.

You're not logged in!

Compare scores with friends on all Sporcle quizzes.
OR
Log In

Show Comments

Extras

Top Quizzes Today


Score Distribution

Your Account Isn't Verified!

In order to create a playlist on Sporcle, you need to verify the email address you used during registration. Go to your Sporcle Settings to finish the process.

Report this User

Report this user for behavior that violates our Community Guidelines.

Details: